Paroles - Rien à carrer (Lenaïg) - Statistiques

Statistiques générales
  • Ce quiz a été pris 4 fois
  • Le résultat moyen est 339 sur 390
Statistiques - réponses
Paroles % Correct
?
100%
a
100%
à
100%
À
100%
ai
100%
alors
100%
Alors,
100%
avec
100%
bien
100%
c’
100%
ça
100%
carrer,
100%
dans
100%
Dans
100%
de
100%
déjà
100%
Dis-
100%
du
100%
écrouler,
100%
en
100%
es
100%
Et
100%
J’
100%
j’
100%
là,
100%
la
100%
100%
Le
100%
le
100%
les
100%
ma
100%
Mais
100%
moi
100%
monde
100%
n’
100%
ne
100%
Nos
100%
nos
100%
nous
100%
On
100%
on
100%
100%
pas
100%
peur
100%
peut
100%
plus
100%
pourquoi
100%
qu’
100%
questions
100%
qui
100%
quoi
100%
réponses
100%
rien
100%
s’
100%
sais,
100%
sais
100%
sans
100%
se
100%
seule
100%
si
100%
Si
100%
t’
100%
Tant
100%
tes
100%
toi
100%
tout
100%
tu
100%
Tu
100%
une
100%
va
100%
ans,
50%
barrer,
50%
cent
50%
ciel
50%
commence
50%
côtés
50%
cramer,
50%
demain
50%
dira
50%
effondre
50%
est
50%
fin
50%
freine
50%
fumée
50%
Garde-
50%
immortel
50%
mène
50%
Non,
50%
ouais
50%
ouais,
50%
part
50%
perdre
50%
place
50%
réel
50%
saura
50%
seconde
50%
sera
50%
Seras-
50%
sert
50%
souviendra
50%
trouvé
50%
Vas-
50%
y
50%
y,
50%
dramas,
0%
éclats
0%
fond
0%
histoires
0%
Ici,
0%
masse
0%
page
0%
Personne
0%
tournons
0%
Traversons
0%
Aucun quiz correspondant
Distribution des résultats
% des personnes avec chaque résultat
Percentile par nombre de réponses
Votre historique - résultats
Vous n’avez pas pris ce quiz